000 00615nam a2200193 a 4500
001 000043895
005 20201002045031.0
008 140508s1990 sp 001 0 spa d
020 _a8423917479
040 _aDO-SdBNP
_bspa
_cBNPHU
100 1 _aPiniés, Jaime de
_971790
245 1 3 _aLa descolonización del Sáhara :
_bun tema sin concluir /
_cJaime de Piniés.
260 _aEspaña :
_bEspasa Calpe,
_c1990.
300 _a236 p. ;
_c24 cm.
490 1 _aEspasa crónica
500 _aIncluye índice
500 _aIncluye datos biográficos del autor en la contracubierta
830 0 _aEspasa crónica
_971791
999 _c43384
_d43384